Central Library OPAC University of Rajshahi

Exploring the association of arsenic exposure with eosinophil chemoattractant protein (Eotaxin) through a cross sectional study in Bangladesh / (Record no. 81371)

MARC details
000 -LEADER
fixed length control field 00999nam a22002417a 4500
001 - CONTROL NUMBER
RUCL Control Number 81371
003 - CONTROL NUMBER IDENTIFIER
rucl marc code BD-RjUL
005 - DATE AND TIME OF LATEST TRANSACTION
control field 20240108113332.0
008 - FIXED-LENGTH DATA ELEMENTS--GENERAL INFORMATION
fixed length control field 230510s2019 bg a|||| m||| 00| 0 eng d
035 ## - SYSTEM CONTROL NUMBER
system control number (BD-RjUL)81371
040 ## - CATALOGING SOURCE
Original cataloging agency BD-RjUL
Language of cataloging eng
Transcribing agency BD-RjUL
Modifying agency BD-RjUL
041 ## - LANGUAGE CODE
Language code of Book eng
082 ## - DEWEY DECIMAL CLASSIFICATION NUMBER
DDC Edition number 23
Classification number 669.75095492
Author mark and Year RAE 2019
100 ## - MAIN ENTRY--PERSONAL NAME
Personal name Rahman, Md. Atiqur
245 10 - TITLE STATEMENT
Title Exploring the association of arsenic exposure with eosinophil chemoattractant protein (Eotaxin) through a cross sectional study in Bangladesh /
Statement of responsibility, etc Researcher Md. Atiqur Rahman ;
Name of Supervisor/Co-Supervisor Supervisor : Md. Khaled Hossain.
260 ## - PUBLICATION, DISTRIBUTION, ETC. (IMPRINT)
Place of publication, distribution, etc Rajshahi :
Name of publisher, distributor, etc Institute of Environmental Science, University of Rajshahi,
Date of publication, distribution, etc 2019.
300 ## - PHYSICAL DESCRIPTION
Pagination ix, 140 leaves :
Other physical details ill, ;
Dimensions 29. cm.
502 ## - DISSERTATION NOTE
Dissertation note Thesis (Ph. D.) -- Institute of Environmental Science, University of Rajshahi,
504 ## - BIBLIOGRAPHY, ETC. NOTE
Bibliography, etc References : Leaves 85 - 138
650 ## - SUBJECT ADDED ENTRY--TOPICAL TERM
Topical term or geographic name as entry element Arsenic
Form subdivision Metallurgy
Geographic subdivision Bangladesh
9 (RLIN) 7395
700 ## - ADDED ENTRY--SUPERVISOR/CO-SUPERVISOR NAME
Personal name Hossain, Md. Khaled, Supervisor
9 (RLIN) 1512
942 ## - ADDED ENTRY ELEMENTS (KOHA)
Source of classification or shelving scheme Dewey Decimal Classification
Koha item type Theses
Holdings
Source of classification or shelving scheme Damaged status Not for loan Collection code Permanent Location Current Location Shelving location Date of accession Source of acquisition Full call number Barcode Date last seen Copy number Thesis
Dewey Decimal Classification   Not For Loan Theses Central Library, University of Rajshahi Central Library, University of Rajshahi Documentation Section 13/12/2021 Controller of Exam. R.U. THE 669.75095492 RAE 2019 D4418 10/05/2023 C-1 Theses